Hình học xạ ảnh

Nội dung sách gồm: không gian xạ ảnh; ánh xạ xạ ảnh và biến đổi xạ ảnh; siêu mặt bậ hai trong P; không gian Euclid, giả Euclid và Euclid.

Gardado en:
Detalles Bibliográficos
Autor Principal: Văn, Như Cương
Formato: Libro
Idioma:Undetermined
Publicado: Hà Nội Nxb. Đại học Sư phạm 2015
Những chủ đề:
Các nhãn: Engadir etiqueta
Sen Etiquetas, Sexa o primeiro en etiquetar este rexistro!
Thư viện lưu trữ: Trung tâm Học liệu Trường Đại học Cần Thơ
LEADER 00759nam a2200205Ia 4500
001 CTU_202370
008 210402s9999 xx 000 0 und d
020 |c 33000 
082 |a 516.5 
082 |b C561 
100 |a Văn, Như Cương 
245 0 |a Hình học xạ ảnh 
245 0 |c Văn Như Cương 
260 |a Hà Nội 
260 |b Nxb. Đại học Sư phạm 
260 |c 2015 
520 |a Nội dung sách gồm: không gian xạ ảnh; ánh xạ xạ ảnh và biến đổi xạ ảnh; siêu mặt bậ hai trong P; không gian Euclid, giả Euclid và Euclid. 
650 |a Hình học xạ ảnh,Geometry, projective 
904 |i Tuyến 
980 |a Trung tâm Học liệu Trường Đại học Cần Thơ